Дополнительное профессиональное образование (Запись № 11364409)

Подробности
000 -МАРКЕР
контрольное поле 01783nam1a2200325 4500
001 - ИДЕНТИФИКАТОР ЗАПИСИ
контрольное поле RU\NLR\BIBL_A\011373401
005 - ИДЕНТИФИКАТОР ВЕРСИИ
контрольное поле 20240922010818.0
035 ## - ДРУГИЕ СИСТЕМНЫЕ НОМЕРА
Идентификатор записи (NLR Aleph) 011373401
100 ## - ДАННЫЕ ОБЩЕЙ ОБРАБОТКИ
Данные общей обработки 20170410g20179999k y0rusy50 ca
101 0# - ЯЗЫК РЕСУРСА
Язык текста, звукозаписи и т.д. русский
102 ## - СТРАНА ПУБЛИКАЦИИ ИЛИ ПРОИЗВОДСТВА
Страна публикации Российская Федерация
105 ## - ПОЛЕ КОДИРОВАННЫХ ДАННЫХ: ТЕКСТОВЫЕ МАТЕРИАЛЫ, МОНОГРАФИЧЕСКИЕ
Кодированные данные о монографическом текстовом документе a|||z|||000yy
200 1# - ЗАГЛАВИЕ И СВЕДЕНИЯ ОБ ОТВЕТСТВЕННОСТИ
Основное заглавие Дополнительное профессиональное образование
Сведения, относящиеся к заглавию результаты мониторинга ...
Первые сведения об ответственности С.А. Беляков, А.В. Каравай, Е.А. Полушкина
Последующие сведения об ответственности Российская академия народного хозяйства и государственной службы при Президенте Российской Федерации, РАНХиГС
210 ## - ПУБЛИКАЦИЯ, РАСПРОСТРАНЕНИЕ И ДР.
Место издания, распространения и т.д. Москва
Имя издателя, распространителя и т. д. Дело
Дата издания, распространения и т.д. 2017
215 ## - ФИЗИЧЕСКАЯ ХАРАКТЕРИСТИКА
Размеры 21
225 1# - СЕРИЯ
Основное заглавие серии Научные доклады
Наименование части Образование
Обозначение тома ...
300 ## - ОБЩИЕ ПРИМЕЧАНИЯ
Текст примечания В конце кн. 1-й и 2-й авт.: Беляков С.А., д.э.н., доц., Каравай А.В., к.соц.н.
606 1# - НАИМЕНОВАНИЕ ТЕМЫ КАК ПРЕДМЕТ
Наименование темы Дополнительное профессиональное образование
Формальный подзаголовок Статистические материалы
Географический подзаголовок Российская Федерация
Системный номер авторитетной/нормативной записи 2362128
Идентификатор авторитетной/нормативной записи RU\NLR\AUTH\661410473
610 0# - НЕКОНТРОЛИРУЕМЫЕ ПРЕДМЕТНЫЕ ТЕРМИНЫ
Предметный термин дополнительное профессиональное образование
686 ## - ИНДЕКСЫ ДРУГИХ КЛАССИФИКАЦИЙ
Индекс Ч451,6(2)387я3
Код системы
686 1# - ИНДЕКСЫ ДРУГИХ КЛАССИФИКАЦИЙ
Индекс Ч454(2Р)78я3
700 #1 - ИМЯ ЛИЦА - ПЕРВИЧНАЯ ОТВЕТСТВЕННОСТЬ
Начальный элемент ввода Беляков
Часть имени, кроме начального элемента ввода С. А.
Расширение инициалов личного имени Сергей Анатольевич
701 #1 - ИМЯ ЛИЦА - АЛЬТЕРНАТИВНАЯ ОТВЕТСТВЕННОСТЬ
Начальный элемент ввода Каравай
Часть имени, кроме начального элемента ввода А. В.
Расширение инициалов личного имени Анастасия Вадимовна
701 #1 - ИМЯ ЛИЦА - АЛЬТЕРНАТИВНАЯ ОТВЕТСТВЕННОСТЬ
Начальный элемент ввода Полушкина
Часть имени, кроме начального элемента ввода Е. А.
Расширение инициалов личного имени Елена Анатольевна
852 ## - МЕСТОНАХОЖДЕНИЕ И ШИФР ХРАНЕНИЯ
Идентификатор организации NLR
Шифр хранения (Call Number) 2017-4/2805
942 ## - ДОПОЛНИТЕЛЬНЫЕ ЭЛЕМЕНТЫ ЗАПИСИ (АБИС)
Тип экземпляра АБИС Книга
980 ## - КОЛЛЕКЦИЯ
Название коллекции НБР

Нет доступных экземпляров.